[Event "Titled Tuesday intern op 12th Sep Late"]
[Site "Chess.com INT"]
[Date "2023.09.12"]
[Round "7"]
[White "Kovacs, Klara"]
[Black "Cardozo Munar, Carlos Eduardo"]
[Result "0-1"]
[WhiteElo "2115"]
[BlackElo "2043"]
[PlyCount "108"]
[EventDate "2023.09.12"]
[EventType "swiss (blitz)"]
[EventRounds "11"]
[EventCountry "USA"]
[SourceTitle "EXT 2024"]
[Source "ChessBase"]
[SourceDate "2023.10.10"]
[SourceVersion "1"]
[SourceVersionDate "2023.10.10"]
[SourceQuality "1"]

1. Nf3 Nf6 2. c4 g6 3. g3 Bg7 4. Bg2 0-0 5. Nc3 d6 6. 0-0 Nbd7 7. d3 e5 8. Rb1 a6 9. b4 c6 10. a4 Re8 11. Qb3 Qc7 12. Ba3 h6 13. b5 axb5 14. axb5 c5 15. b6 Qxb6 16. Qxb6 Nxb6 17. Rxb6 Rxa3 18. Nb5 Ra2 19. Nxd6 Rxe2 20. Nxe8 Nxe8 21. Ne1 Nc7 22. Bxb7 Bxb7 23. Rxb7 Ne6 24. Rb8+ Kh7 25. Rc8 h5 26. h3 g5 27. Kg2 h4 28. Nf3 hxg3 29. Kxg3 Kg6 30. h4 gxh4+ 31. Nxh4+ Kf6 32. Nf3 Bh6 33. Rh1 Bf4+ 34. Kg2 Be3 35. Rf1 Bh6 36. Kg3 Bf4+ 37. Kg4 Rc2 38. Rc6 Rc3 39. Rd1 Rc2 40. d4 cxd4 41. c5 Rxf2 42. Rc8 Rg2+ 43. Kh4 Rf2 44. Ng1 e4 45. c6 d3 46. Nh3 Rh2 47. Kg4 Be5 48. Rf1+ Ke7 49. Kf5 Bd6 50. Nf2 Rxf2+ 51. Rxf2 e3 52. Rg2 d2 53. c7 Bxc7 54. Rg1 e2 0-1

[Event "Titled Tuesday intern op 12th Sep Late"]
[Site "Chess.com INT"]
[Date "2023.09.12"]
[Round "2"]
[White "Kovacs, Klara"]
[Black "Djokic, Mihailo"]
[Result "0-1"]
[WhiteElo "2115"]
[BlackElo "2148"]
[PlyCount "148"]
[EventDate "2023.09.12"]
[EventType "swiss (blitz)"]
[EventRounds "11"]
[EventCountry "USA"]
[SourceTitle "EXT 2024"]
[Source "ChessBase"]
[SourceDate "2023.10.10"]
[SourceVersion "1"]
[SourceVersionDate "2023.10.10"]
[SourceQuality "1"]

1. Nf3 Nf6 2. g3 g6 3. c4 Bg7 4. Bg2 0-0 5. 0-0 d6 6. Nc3 e5 7. d3 Re8 8. Rb1 a5 9. a3 Nc6 10. b4 axb4 11. axb4 Bg4 12. h3 Bc8 13. Nd2 Nd4 14. e3 Ne6 15. Kh2 h5 16. b5 Qd7 17. Nb3 Ng5 18. h4 Ng4+ 19. Kg1 Nh7 20. Nd5 Qd8 21. b6 cxb6 22. Nd2 Bf5 23. Nxb6 Bxd3 24. Nxa8 Bxb1 25. Nxb1 Qxa8 26. Qxd6 e4 27. Nd2 Nhf6 28. Bb2 Rd8 29. Qb4 Qa6 30. Nxe4 Nxe4 31. Bxe4 Bxb2 32. Qxb2 Qxc4 33. Qxb7 Qe2 34. Bf3 Qc4 35. Qe4 Qxe4 36. Bxe4 Rd2 37. Bf3 Ne5 38. Bg2 Kg7 39. e4 Kf6 40. f4 Ng4 41. Bf3 Ne3 42. Re1 Nc2 43. Re2 Nd4 44. Rf2 Ke7 45. Kg2 Rd3 46. e5 Ke6 47. Be4 Re3 48. Bb1 Re1 49. Bd3 Rd1 50. Bc4+ Ke7 51. Rb2 Nf5 52. Rb7+ Kf8 53. Rxf7+ Ke8 54. Be6 Rd2+ 55. Kh3 Nd4 56. Rf6 Ne2 57. g4 Ke7 58. gxh5 gxh5 59. Bc4 Ng1+ 60. Kg3 Rc2 61. Rc6 Ne2+ 62. Kh3 Nxf4+ 63. Kg3 Ne2+ 64. Kh3 Nd4 65. Rc7+ Kd8 66. Rc5 Nf5 67. e6 Nd6 68. Rd5 Ke7 69. Bd3 Rc3 70. Kg2 Kxe6 71. Rd4 Ke5 72. Rxd6 Kxd6 73. Bg6 Rc5 74. Bxh5 Rxh5 0-1

[Event "Titled Tuesday intern op 12th Sep Late"]
[Site "Chess.com INT"]
[Date "2023.09.12"]
[Round "4"]
[White "Kovacs, Klara"]
[Black "Van Baar, Esper"]
[Result "1-0"]
[WhiteElo "2115"]
[BlackElo "2176"]
[PlyCount "47"]
[EventDate "2023.09.12"]
[EventType "swiss (blitz)"]
[EventRounds "11"]
[EventCountry "USA"]
[SourceTitle "EXT 2024"]
[Source "ChessBase"]
[SourceDate "2023.10.10"]
[SourceVersion "1"]
[SourceVersionDate "2023.10.10"]
[SourceQuality "1"]

1. c4 c5 2. Nc3 Nf6 3. Nf3 g6 4. g3 Bg7 5. Bg2 0-0 6. d4 d5 7. dxc5 Qa5 8. 0-0 Qxc5 9. cxd5 e6 10. Be3 Qb4 11. dxe6 Bxe6 12. Nd4 Nc6 13. a3 Qc4 14. Nxc6 bxc6 15. Rc1 Rfd8 16. Qc2 Rab8 17. b4 Ng4 18. Bxa7 Ra8 19. Bb6 Rdc8 20. Nb1 Qxc2 21. Rxc2 Bb3 22. Rxc6 Rxc6 23. Bxc6 Ra6 24. Bf3 1-0

[Event "Titled Tuesday intern op 12th Sep Late"]
[Site "Chess.com INT"]
[Date "2023.09.12"]
[Round "6"]
[White "Sarkar, Justin"]
[Black "Kovacs, Klara"]
[Result "0-1"]
[WhiteElo "2290"]
[BlackElo "2115"]
[PlyCount "66"]
[EventDate "2023.09.12"]
[EventType "swiss (blitz)"]
[EventRounds "11"]
[EventCountry "USA"]
[SourceTitle "EXT 2024"]
[Source "ChessBase"]
[SourceDate "2023.10.10"]
[SourceVersion "1"]
[SourceVersionDate "2023.10.10"]
[SourceQuality "1"]

1. d4 e6 2. e4 d5 3. exd5 exd5 4. h3 Bd6 5. Nf3 Ne7 6. Bd3 Nbc6 7. c3 Bf5 8. Bxf5 Nxf5 9. Qb3 Qe7+ 10. Kd1 0-0-0 11. Qxd5 g6 12. Re1 Qd7 13. Bg5 Rde8 14. Nbd2 h6 15. Be3 Nxe3+ 16. Rxe3 Rxe3 17. fxe3 Re8 18. e4 Ne7 19. Qxf7 c5 20. e5 Bc7 21. Kc2 cxd4 22. cxd4 Qc6+ 23. Qc4 Qb6 24. Rc1 Kb8 25. Kb1 Rc8 26. Qd3 Nd5 27. Qb3 Qa5 28. Rc5 Qa6 29. Qxd5 Qd3+ 30. Ka1 Qe2 31. Qe4 Qd1+ 32. Qb1 Qe2 33. Qc2 Qxg2 0-1

[Event "Titled Tuesday intern op 29th Aug Early"]
[Site "Chess.com INT"]
[Date "2023.08.29"]
[Round "9"]
[White "Estrada Nieto, Julian"]
[Black "Kovacs, Klara"]
[Result "1/2-1/2"]
[WhiteElo "2217"]
[BlackElo "2115"]
[PlyCount "127"]
[EventDate "2023.08.29"]
[EventType "swiss (blitz)"]
[EventRounds "11"]
[EventCountry "USA"]
[SourceTitle "EXT 2024"]
[Source "ChessBase"]
[SourceDate "2023.10.10"]
[SourceVersion "1"]
[SourceVersionDate "2023.10.10"]
[SourceQuality "1"]

1. e4 e6 2. d4 d5 3. Nd2 Be7 4. Bd3 c5 5. dxc5 Nf6 6. Qe2 0-0 7. Ngf3 a5 8. 0-0 Na6 9. e5 Nd7 10. c3 Naxc5 11. Bc2 b6 12. Re1 Ba6 13. Qe3 f6 14. Nb3 fxe5 15. Nxe5 Nxe5 16. Qxe5 Bf6 17. Qe3 e5 18. Nxc5 bxc5 19. Qxc5 Qd7 20. Bb3 Rfd8 21. Rd1 Bb7 22. Be3 a4 23. Bxd5+ Bxd5 24. c4 Rac8 25. Rxd5 Rxc5 26. Rxd7 Rxd7 27. Bxc5 Rc7 28. Be3 Rxc4 29. Rc1 Rxc1+ 30. Bxc1 e4 31. b3 axb3 32. axb3 Bc3 33. Kf1 Kf7 34. Ke2 Ke6 35. Bd2 Bd4 36. Be3 Bc3 37. Kd1 Kd5 38. Kc2 Be5 39. h3 h5 40. Bd2 Bd4 41. Be3 Be5 42. g4 hxg4 43. hxg4 g6 44. Bd2 Bd4 45. Be3 Be5 46. Kd2 Bb2 47. Ke2 Bc3 48. f4 exf3+ 49. Kxf3 Ke5 50. Bf4+ Ke6 51. Ke4 Bb4 52. Kd4 Be7 53. Kc4 g5 54. Bg3 Bd8 55. b4 Bb6 56. Kb5 Be3 57. Kc6 Bg1 58. b5 Be3 59. b6 Bxb6 60. Kxb6 Kd5 61. Kb5 Ke4 62. Bd6 Kf3 63. Be7 Kxg4 64. Bxg5 1/2-1/2

[Event "Titled Tuesday intern op 29th Aug Late"]
[Site "Chess.com INT"]
[Date "2023.08.29"]
[Round "6"]
[White "Kovacs, Klara"]
[Black "Czerw, Dawid"]
[Result "0-1"]
[WhiteElo "2115"]
[BlackElo "2400"]
[PlyCount "52"]
[EventDate "2023.08.29"]
[EventType "swiss (blitz)"]
[EventRounds "11"]
[EventCountry "USA"]
[SourceTitle "EXT 2024"]
[Source "ChessBase"]
[SourceDate "2023.10.10"]
[SourceVersion "1"]
[SourceVersionDate "2023.10.10"]
[SourceQuality "1"]

1. Nf3 c5 2. c4 Nc6 3. Nc3 g6 4. d4 cxd4 5. Nxd4 Nf6 6. e4 d6 7. Be2 Nxd4 8. Qxd4 Bg7 9. Qd1 0-0 10. 0-0 Be6 11. b3 Nxe4 12. Nxe4 Bxa1 13. Bh6 Bg7 14. Bxg7 Kxg7 15. Qd4+ f6 16. Ng5 Bg8 17. Bg4 e5 18. Qe4 fxg5 19. Qxb7+ Rf7 20. Qe4 Rb8 21. Rd1 Qb6 22. Bf3 Rf4 23. Qe2 Be6 24. Kh1 g4 25. Bd5 Bxd5 26. Rxd5 Qxf2 0-1

[Event "Titled Tuesday intern op 29th Aug Early"]
[Site "Chess.com INT"]
[Date "2023.08.29"]
[Round "1"]
[White "Kovacs, Klara"]
[Black "Nagare, Kaivalya Sandip"]
[Result "0-1"]
[WhiteElo "2115"]
[BlackElo "2071"]
[PlyCount "96"]
[EventDate "2023.08.29"]
[EventType "swiss (blitz)"]
[EventRounds "11"]
[EventCountry "USA"]
[SourceTitle "EXT 2024"]
[Source "ChessBase"]
[SourceDate "2023.10.10"]
[SourceVersion "1"]
[SourceVersionDate "2023.10.10"]
[SourceQuality "1"]

1. Nf3 d5 2. c4 d4 3. g3 c5 4. Bg2 Nc6 5. e3 e5 6. exd4 e4 7. Nh4 g5 8. d5 Nd4 9. Bxe4 gxh4 10. 0-0 Nf6 11. Bh1 Be7 12. d3 Bg4 13. f3 Bh3 14. Re1 hxg3 15. hxg3 Rg8 16. Kf2 Qd7 17. Nc3 0-0-0 18. Qa4 Bd6 19. Qxd7+ Bxd7 20. Rg1 Rde8 21. Ne4 Nxe4+ 22. dxe4 f5 23. Bf4 Kc7 24. Rae1 fxe4 25. fxe4 Be5 26. b3 Kd6 27. Ref1 Bh3 28. Bg2 Bxg2 29. Rxg2 Ref8 30. Kg1 Bxf4 31. gxf4 Ne2+ 32. Kh2 Rxg2+ 33. Kxg2 Nxf4+ 34. Kh2 Ke5 35. Rg1 Kxe4 36. Rg7 h5 37. Rxb7 Kf3 38. Rxa7 Re8 39. Rg7 Re2+ 40. Kh1 h4 41. d6 Nh5 42. Rf7+ Kg4 43. d7 Rd2 44. Re7 Ng3+ 45. Kg1 h3 46. Rg7+ Kf4 47. Rf7+ Ke5 48. Re7+ Kf6 0-1

[Event "HUN-ch Rapid"]
[Site "Ajka"]
[Date "2023.07.21"]
[Round "2"]
[White "Balog, Imre1111"]
[Black "Kovacs, Klara"]
[Result "1-0"]
[WhiteElo "2622"]
[BlackElo "2115"]
[PlyCount "77"]
[EventDate "2023.07.21"]
[EventType "swiss (rapid)"]
[EventRounds "13"]
[EventCountry "HUN"]
[SourceTitle "CBM 215 Extra"]
[Source "ChessBase"]
[SourceDate "2023.09.30"]
[SourceVersion "1"]
[SourceVersionDate "2023.09.30"]
[SourceQuality "1"]

1. c4 e5 2. g3 Nf6 3. Bg2 Bc5 4. Nc3 a5 5. Nf3 Nc6 6. 0-0 0-0 7. Nxe5 Bxf2+ 8. Rxf2 Nxe5 9. d4 Neg4 10. Rf1 Ne8 11. e4 d6 12. h3 Ngf6 13. Bg5 h6 14. Bf4 Be6 15. b3 Nh7 16. Qd2 a4 17. d5 Bd7 18. b4 b5 19. c5 dxc5 20. bxc5 b4 21. Nd1 Bb5 22. Rf2 b3 23. Nc3 Rb8 24. axb3 axb3 25. e5 Bc4 26. Qd4 Rb4 27. d6 cxd6 28. exd6 Nef6 29. c6 Ng5 30. c7 Qd7 31. Bxg5 hxg5 32. Rxf6 b2 33. Rb1 gxf6 34. Ne4 Qf5 35. d7 Be6 36. Nxf6+ Kh8 37. Qxb4 Qxb1+ 38. Kh2 Kg7 39. d8Q 1-0

[Event "Titled Tuesday intern op 30th May Late"]
[Site "Chess.com INT"]
[Date "2023.05.30"]
[Round "3"]
[White "Kovacs, Klara"]
[Black "Hartikainen, Jarmo"]
[Result "1-0"]
[WhiteElo "2121"]
[BlackElo "2108"]
[PlyCount "97"]
[EventDate "2023.05.30"]
[EventType "swiss (blitz)"]
[EventRounds "11"]
[EventCountry "USA"]
[SourceTitle "CBM 214 Extra"]
[Source "ChessBase"]
[SourceDate "2023.07.31"]
[SourceVersion "1"]
[SourceVersionDate "2023.07.31"]
[SourceQuality "1"]

1. Nf3 Nf6 2. c4 g6 3. b3 Bg7 4. Bb2 d6 5. g3 e5 6. Bg2 0-0 7. d3 c6 8. 0-0 Nbd7 9. Nbd2 Re8 10. b4 d5 11. b5 cxb5 12. cxb5 b6 13. a4 Bb7 14. Nb3 Rc8 15. Rc1 Qe7 16. Qd2 h6 17. h4 Rxc1 18. Rxc1 Rc8 19. Rxc8+ Bxc8 20. Qc2 Bb7 21. Qc7 Qb4 22. Bxe5 Qxb3 23. Qxb7 Qxa4 24. Bxf6 Nxf6 25. Bf1 Qxb5 26. Ne5 Qe8 27. Nc6 Qd7 28. Qa8+ Kh7 29. Nxa7 d4 30. Nc6 Nd5 31. Bg2 b5 32. Nb8 Nb6 33. Nxd7 Nxa8 34. Bxa8 b4 35. Bd5 Kg8 36. Nc5 Bf8 37. Nb3 Bg7 38. Kg2 Kf8 39. Kf3 Ke7 40. Ke4 f5+ 41. Kf3 Kd6 42. Bc4 Kc6 43. Bf7 g5 44. hxg5 hxg5 45. Be6 Kb5 46. Bxf5 Ka4 47. Be6 Kb5 48. Bc4+ Kc6 49. Kg4 1-0

[Event "Titled Tuesday intern op 02nd May Late"]
[Site "Chess.com INT"]
[Date "2023.05.02"]
[Round "3"]
[White "Kovacs, Klara"]
[Black "Danielyan, Vahe"]
[Result "1-0"]
[WhiteElo "2121"]
[BlackElo "2346"]
[PlyCount "69"]
[EventDate "2023.05.02"]
[EventType "swiss (blitz)"]
[EventRounds "11"]
[EventCountry "USA"]
[SourceTitle "EXT 2024"]
[Source "ChessBase"]
[SourceDate "2023.10.10"]
[SourceVersion "1"]
[SourceVersionDate "2023.10.10"]
[SourceQuality "1"]

1. e4 e6 2. d4 d5 3. exd5 exd5 4. Nc3 Nf6 5. Bd3 Bd6 6. Nge2 Nc6 7. Bg5 Nb4 8. f3 0-0 9. Qd2 c6 10. 0-0-0 a5 11. h4 a4 12. a3 Nxd3+ 13. Qxd3 b5 14. Na2 Re8 15. Kb1 Rb8 16. c3 g6 17. g4 Qe7 18. Rhe1 Be6 19. Ka1 Qd8 20. h5 Rb7 21. Nf4 Bxf4 22. Bxf4 Nd7 23. hxg6 fxg6 24. Rh1 c5 25. Rh6 b4 26. Rxg6+ Kh8 27. Rh1 Re7 28. Rxe6 bxa3 29. bxa3 Nf8 30. Be5+ Kg8 31. Rxe7 Qxe7 32. Qf5 cxd4 33. Bxd4 Ng6 34. Qxd5+ Kf8 35. Bc5 1-0